MDQL
is popping MORE tags! Check the
thread
!
Quizzes
Events
Quiz Creation
Community
Videos
Private Events
Remove Ads
Sign In
Join for FREE
Feedback
Dark Mode
Quiz Categories
Sports
Geography
Music
Movies
Television
Just For Fun
Miscellaneous
History
Literature
Language
Science
Gaming
Entertainment
Religion
Holiday
For Kids
Quiz Lab
Recent
Popular Today
Quiz Kudos Today
Editor Picks
Curator Picks
Quizzes by...
Day
Popularity
Type
Ratings
Length
Year
Community
Subscriptions
Recent Discussions
Orange Saloon
Badges
Playlists
Quests
Create
Leaderboards
Showdown
Live 5
Trivia Bingo
Activity
Puzzle Library
Sporcle Events
Private Events
Virtual Trivia
Globe League
Become a Host
Pub Owners
SporcleCon
Opinionation
Our Games
Videos
Blog
Mobile Apps
Partnerships
Remove Ads and Go Orange
Feedback
Sports
Athletes
MLB
NBA
NHL
NFL
Soccer
Sports Teams
WWE
NCAA
Football
Premier League
Basketball
Baseball
Hockey
Golf
Tennis
Cricket
Rugby
Auto Racing
Olympics
World Cup
Sports
Athletes
MLB
NBA
NHL
NFL
Soccer
Sports Teams
WWE
NCAA
Football
Premier League
Basketball
Baseball
Hockey
Golf
Tennis
Cricket
Rugby
Auto Racing
Olympics
World Cup
Random Quiz
Search Sporcle
×
Quiz Lab
Quiz Lab
Sports
Most Profitable
Type in answers that appear in a list
Type in answers that appear in a list
Classic
Best Score? Go Orange.
Most Profitable Starting Pitchers to Bet On Since 2005 Stats
Can you name the Most Profitable Starting Pitchers to Bet on Since 2005
By
Bet_Labs
3m
10 Questions
27 Plays
27 Plays
27 Plays
Comments
Comments
Give Quiz Kudos
Give Quiz Kudos
-
- Ratings
hide this ad
More Info
Replay
Link that replays current quiz
Next Quiz
Link to next quiz in quiz playlist
You Got
0%
They Got
Avg Score
21%
Avg Friend Score
Upgrade to see
Score Distribution
Jump to the score distribution portion of the page
Score
0/10
Timer
03:00
0
Plays Today
Pitcher
% Correct
Adam Wainwright
70.4%
Mark Buehrle
59.3%
Jered Weaver
48.1%
Gio Gonzalez
14.8%
Freddy Garcia
7.4%
Ryan Vogelsong
3.7%
Jeanmar Gomez
3.7%
Chris Tillman
3.7%
Ricky Nolasco
0%
Tom Milone
0%
Quiz Playlist
Details
Report
Send in Message
Add To Playlist
More Info:
Who are the most profitable active starting pitchers to bet on the moneyline? (Playoffs included. Data accurate as of 6/11/14)
Classic:
Type in answers that appear in a list
Quiz Source
Last Updated: Feb 16, 2017
Quiz Scoreboard
CHALLENGE
Sign Up to Join the Scoreboard
Show All
Scores
Hide
Comments
May contain spoilers
Recently Published
Find the 'City' Movie
by crazypaving
Movies
60s
5x2 Blitz: Bands
by SL_Kpop136
Music
30s
Colored Red Africa Blitz
by spor1
Geography
30s
More to Explore
Quiz From the Vault
Featured Blog Post
14 Easter Pick-up Lines to Find Eggs With
hide this ad
You Might Also Like...
Tags
Most Profitable
Profitable
record
Starting
Starting Pitchers
unit
Won
Today's Top Quizzes in Sports
Browse Sports
hide this ad
Top Contributed Quizzes in Sports
1
Les entraîneurs de l'OM et du PSG au 21e siècle
2
Les meilleurs buteurs des matchs entre le PSG et l’OM
3
Les joueurs passés par le PSG et l'OM
4
Players with Multiple 50 Home Run Seasons
5
2022 World Cup Stars
6
Criteria MLB: Left Handed Sluggers
7
NBA Logic Puzzle 2.0
8
MLB Players with Two .350 Batting Average Seasons
9
Top 10 NHL Goal Scorers of All Time
10
Les joueurs passés par le LOSC et le RC Lens
Explore More
Trending Topics
Kpop
Anime
Harry Potter
NBA
Disney
Crossword
Marvel
WWE
Soccer
Song
Pokémon
NFL
Puzzle
Country
The Office
hide this ad
More By:
Bet_Labs
Quiz
Plays
Rating
Category
Featured
Created
Most Profitable NFL QB's to Bet on
168
5.00
Sports
Jun 11, 2014
Most Profitable NBA Coaches Since 2005
74
3.00
Sports
Jun 12, 2014
Most Profitable NHL Regular Season Goalies
36
5.00
Sports
Jun 13, 2014
Most Profitable NCAAF Coaches to Bet on Since 2005
28
5.00
Sports
Jun 11, 2014
Most Profitable Starting Pitchers to Bet On Since 2005
27
5.00
Sports
Jun 11, 2014
Go to Creator's Profile
Score Distribution
Quiz Creator Spotlight
Bet_Labs
Follow
Send a Message
Quizzes Created
-
Created Quiz Play Count
-
More By This Creator
Popular Quizzes Today
1
Colored Red Africa Blitz
2
Find the 'City' Movie
3
Find the US States - No Outlines Minefield
4
5x2 Blitz: Bands
5
The Countries of the World
6
Find the US States
7
Find the Countries of Europe - No Outlines Minefield
8
US States
More Sports Quizzes
Which NFL Division?
Editor's Pick
Trending Quizzes
Colored Red Europe Blitz I
Colored Red Africa Blitz II
Colored Red Europe Blitz II
Colored Red Europe Blitz III
Colored Red Africa Blitz III
Recently Updated
How Do You Spell That?
pecheneg
Godzilla Movies
pecheneg
Grab Bag: 4-10 Letters
pecheneg
2024 March Madness Bracket
pecheneg
Famous TV Couples
Peacemaker
Champions League XIs: Real Madrid
pecheneg
Largest US Cities 1790-2010
pecheneg
Rides in Walt Disney World
pecheneg
Most Oscar Losses (Acting)
pecheneg
Beyoncé Albums
pecheneg
Trending Topics
Crossword
Harry Potter
Marvel
NBA
Disney
Anime
Kpop
Country
Soccer
Puzzle
Pokémon
The Office
WWE
Song
NFL
Your Account Isn't Verified!
In order to create a playlist on Sporcle, you need to verify the email address you used during registration. Go to your
Sporcle Settings
to finish the process.
Report this User
Report this user for behavior that violates our
Community Guidelines
.
Details:
Send Report
Go to the Sporcle.com Mobile Site →
Comments